Quiz mathématique rapide, juste un petit quiz 3 - Statistiques

Statistiques générales
  • Ce quiz a été pris 252 fois
  • Le résultat moyen est 17 sur 20
Statistiques - réponses
Hint Réponse % Correct
1 x 1 = 1
100%
10 x 10 = 100
100%
4 x 4 = 16
100%
5 x 5 = 25
100%
6 x 6 = 36
100%
2 x 2 = 4
100%
3 x 3 = 9
100%
7 x 7 = 49
98%
9 x 9 = 81
98%
8 x 8 = 64
95%
11 x 11 = 121
91%
12 x 12 = 144
83%
20 x 20 = 400
78%
13 x 13 = 169
75%
15 x 15 = 225
71%
14 x 14 = 196
68%
16 x 16 = 256
57%
17 x 17 = 289
52%
19 x 19 = 361
52%
18 x 18 = 324
51%
Aucun quiz correspondant
Distribution des résultats
% des personnes avec chaque résultat
Percentile par nombre de réponses
Votre historique - résultats
Vous n’avez pas pris ce quiz